Las variedades de la religión hoy
Gardado en:
| Autor Principal: | |
|---|---|
| Formato: | Libro |
| Idioma: | Lingua castelá |
| Publicado: |
Buenos Aires
Paidós
2004
|
| Edición: | 1a. ed |
| Series: | Paidós Studio, 158
|
| Subjects: | |
| Tags: |
Engadir etiqueta
Sen Etiquetas, Sexa o primeiro en etiquetar este rexistro!
|
MARC
| LEADER | 00000nam a2200000 a 4500 | ||
|---|---|---|---|
| 001 | UCL9918 | ||
| 003 | CL-VaPUC | ||
| 008 | 040903e20040000AG |||||||||||||||||spa|d | ||
| 020 | |a 950126758X | ||
| 082 | 0 | 4 | |a 306.6 |b TAY |2 21 |
| 100 | 0 | |a Taylor, Charles |e author |9 445 | |
| 245 | 1 | 4 | |a Las variedades de la religión hoy |
| 250 | |a 1a. ed | ||
| 300 | |a 126 p | ||
| 942 | |c BK | ||
| 945 | |d 20040903 00:00:00 |a cmena | ||
| 260 | |a Buenos Aires |b Paidós |c 2004 | ||
| 650 | 0 | |a Sociología de la religión |9 337481 | |
| 650 | 0 | |a Creencia Religiosa |9 316904 | |
| 650 | 7 | |a MINORIAS RELIGIOSAS |2 CL-VaPUC |9 487843 | |
| 583 | |a last modification |c 20040903 00:00:00 |k Rodrigo Vera | ||
| 490 | 0 | |a Paidós Studio, 158 | |
| 999 | |c 310534 |d 310532 | ||
| 952 | |0 0 |1 0 |2 ddc |4 0 |6 306_600000000000000_TAY_2004 |7 0 |8 A |9 379116 |a BIBEDU |b BIBTEO |d 2019-11-21 |i 4048865 |l 3 |o 306.6 TAY 2004 |p 4048865 |r 2023-08-30 |s 2022-01-03 |w 2019-11-21 |y BK |k EDU | ||